=LDR 00000nam 2200000 4500 =001 NUTBA000000000005965 =005 20141117080710.0 =006 =007 =008 =035 ##$$a 0010-111400000000444 =040 ##$$a NBPDMAT =082 ##$$a 618.2 =090 ##$$a 618.2 $b San m =100 ##$$a Sandra Shanty =245 ##$$a Mencegah dan merawat ibu dan bayi dari gangguan diabetes kehamilan / $c Sandra Shanty ; editor , Rose Kusumaning Ratri =260 ##$$a Yogyakarta : Katahati, $c 2013 =300 ##$$a 117 hlm. ; $c 21 cm. =500 ##$$a Bibliografi : hlm. 111 - 116 , Indeks : hlm. 117 =650 ##$$a Diabetes Dalam Kehamilan =700 ##$$a Rose Kusumaningratri =850 ##$$a NBPDMAT